National Assembly Library of Thailand

AQUA BIZ (ระเบียนเลขที่ 91939)

รายละเอียดในรูปแบบ MARC
000 -LEADER
fixed length control field 00706nas a22002057a 4500
003 - CONTROL NUMBER IDENTIFIER
control field NALT
005 - DATE AND TIME OF LATEST TRANSACTION
control field 20211007145804.0
008 - FIXED-LENGTH DATA ELEMENTS--GENERAL INFORMATION
fixed length control field 170828b xxu||||| |||| 00| 0 tha d
022 ## - INTERNATIONAL STANDARD SERIAL NUMBER
International Standard Serial Number 19056958
040 ## - CATALOGING SOURCE
Original cataloging agency NALT
041 0# - LANGUAGE CODE
Language code of text/sound track or separate title tha
245 10 - TITLE STATEMENT
Title AQUA BIZ
260 3# - PUBLICATION, DISTRIBUTION, ETC.
Place of publication, distribution, etc. นนทบุรี :
Name of publisher, distributor, etc. บริษัท สำนักพิมพ์ ชบาเงิน จำกัด
310 ## - CURRENT PUBLICATION FREQUENCY
Current publication frequency รายเดือน
500 ## - GENERAL NOTE
General note หยุดผลิตหลังปีที่ 11 ฉบับที่ 136 (มกราคม 2562)
850 ## - HOLDING INSTITUTION
Holding institution NALT
866 31 - TEXTUAL HOLDINGS--BASIC BIBLIOGRAPHIC UNIT
Textual string ปีที่ 11 ฉบับที่ 136 (ม.ค. 2562)
942 ## - ADDED ENTRY ELEMENTS (KOHA)
Koha item type Journal/Magazine
Source of classification or shelving scheme Library of Congress Classification
998 ## - STAFF NAME (NALT)
-- 755
-- จินตนา เอี่ยมคง

ไม่มีตัวเล่มให้บริการ

หอสมุดรัฐสภา
สำนักงานเลขาธิการสภาผู้แทนราษฎร เลขที่ 1111 ถนนสามเสน แขวงถนนนครไชยศรี เขตดุสิต กรุงเทพฯ 10300
The Secretariat of the House of Representatives 1111 Samsen Road, Thanon Nakhon Chai Si, Dusit, Bangkok 10300, THAILAND
โทรศัพท์: +66(0) 2242 5900 ต่อ 5714-5 โทรสาร: +66(0) 2242 5990 อีเมล: [email protected]